000 00546nam a2200217Ia 4500
003 OSt
005 20221007080116.0
006 a|||||r|||| 00| 0
007 ta
008 221006b |||||||| |||| 00| 0 eng d
024 _a1,276
037 _cTextual
040 _aFLL
_cFLL
_beng
041 _2eng
_aeng
082 _aX724:Z2, P2
100 _aTaxman
_9386961
245 0 _aIncome Tax
260 _aNew Delhi
_bTaxman Publications India
_c2002
942 _hX724:Z2, P2
_cTEXL
_2CC
999 _c1158393
_d1158393